Statystyki dla Królowie Polski

Kliknij tutaj aby rozwiązać quiz!

Ogólne statystyki

  • Ten quiz został rozwiązany 105 razy
  • Średni wynik to 15 z 36

Statystyki odpowiedzi

Odpowiedź% Poprawnych
Bolesław Chrobry
99%
Mieszko I
98%
Mieszko II
89%
Mieszko II
89%
Bezprym
64%
Jadwiga
56%
Kazimierz III Wielki
51%
Stanisław August Poniatowski
51%
Stefan Batory
50%
Władysław I
50%
Jan III Sobieski
43%
Kazimierz I Odnowiciel
43%
Władysław II Jagiełło
39%
Zygmunt I Stary
39%
Anna Jagiellonka
38%
Zygmunt III Waza
35%
Władysław I Łokietek
34%
Zygmunt II August
33%
August II Mocny
31%
August II Mocny
31%
Stanisław Leszczyński
31%
Stanisław Leszczyński
31%
Ludwik I Węgierski
30%
Bolesław II Szczodry
29%
Jan I Olbracht
29%
Michał Korybut Wiśniowiecki
29%
Kazimierz IV Jagiellończyk
28%
August III Sas
26%
Władysław III Warneńczyk
26%
Władysław IV Waza
26%
Przemysł II
24%
Wacław II
24%
Aleksander I Jagiellończyk
23%
Henryk III Walezy
23%
Wacław III
20%
Jan II Kazimierz Waza
18%

Rozkład punktacji

Percentyl według liczby udzielonych odpowiedzi

Procent ludzi z każdym wynikiem

Twoja historia wyników

Nie rozwiązałeś tego quizu